000 01586nam a2200349 a 4500
001 000020381
003 DO-SdBNP
005 20180312134156.0
008 150130s2004 dr ac 000 0 spa d
020 _a8482616838
040 _aBPMSU
_bspa
_cBPMSU
092 _a372.7
_bS237m, 5to 2004
100 1 _aSantos, Altagracia
245 1 0 _aMatemáticas 5 :
_beducación básica /
_cAltagracia Santos; editor Andrés Molina Moloon
260 _aSanto Domingo :
_bSantillana,
_c2004
300 _a191 p. :
_bil., retrs.
_c30 cm.+ CD-ROM
490 1 _aÁmbar
500 _a
505 0 _tDecenas de millón --
_tOperaciones aritméticas --
_tMúltiplos y divisores --
_tFracciones --
_tOperar con fracciones
_tLos números decimales --
_tOperar con Decimales --
_tRazones y proporciones --
_tEl plano cartesiano --
_tÁngulos --
_tCongruencia y semejanza --
_tPerímetros y áreas --
_tMediciones --
_tRegistro de datos --
650 4 _aMATEMÁTICAS
_xEDUCACIÓN ELEMENTAL
650 4 _aMATEMÁTICAS
_xEDUCACIÓN BÁSICA
650 4 _aMATEMÁTICAS
_xESTUDIOS Y EJERCICIOS
650 4 _aEDUCACIÓN PRIMARIA
_zREPÚBLICA DOMINICANA
650 4 _aMATEMÁTICA
_xLIBROS DE TEXTOS
700 1 _aMolina Maloon, Andrés
_4ed.
700 1 _aReyes Colón, Edward
_eil.
830 0 _aÁmbar
910 _aValidado. Control de calidad MFF
942 _2ddc
_cBK
945 _aRemanejado para la BNPHU / 2018 VM
956 _aVMATEO
_b10
_c20150707
_lBPMSU
_h00151
999 _c9509
_d9509